Cuentos con humor (Record no. 19253)
[ view plain ]
| 000 -LEADER | |
|---|---|
| campo de control de longitud fija | 01143nmc a2200373 a 4500 |
| 003 - IDENTIFICADOR DE NÚMERO DE CONTROL | |
| campo de control | AR-BaBNM |
| 005 - FECHA Y HORA DE LA ÚLTIMA TRANSACCIÓN | |
| campo de control | 20251128211337.0 |
| 008 - DATOS DE LONGITUD FIJA--INFORMACIÓN GENERAL | |
| campo de control de longitud fija | 044020s2000 ||||||||||||||000 | spa|| |
| 020 ## - NÚMERO INTERNACIONAL ESTÁNDAR DEL LIBRO | |
| Número Internacional Estándar del Libro | 950-0739-741-8 |
| 040 ## - FUENTE DE CATALOGACIÓN | |
| Centro/agencia transcriptor | AR-BaBNM |
| 100 1# - ENTRADA PRINCIPAL--NOMBRE DE PERSONA | |
| Nombre de persona | Twain, Mark |
| 245 10 - MENCIÓN DEL TÍTULO | |
| Título | Cuentos con humor |
| 260 ## - PUBLICACIÓN, DISTRIBUCIÓN, ETC. | |
| Lugar de publicación, distribución, etc. | Buenos Aires |
| Nombre del editor, distribuidor, etc. | Errepar |
| Fecha de publicación, distribución, etc. | 2000 |
| 300 ## - DESCRIPCIÓN FÍSICA | |
| Extensión | 183 p. |
| 490 #0 - MENCIÓN DE SERIE | |
| Mención de serie | Clásicos de bolsillo |
| 500 ## - NOTA GENERAL | |
| Nota general | Incluye biografía del autor al comienzo del volumen |
| 505 0# - NOTA DE CONTENIDO CON FORMATO | |
| Título | La célebre rana saltadora del Condado de Calaveras |
| 505 0# - NOTA DE CONTENIDO CON FORMATO | |
| Título | Las aventuras de Tom Sawyer |
| 505 0# - NOTA DE CONTENIDO CON FORMATO | |
| Título | Autobiografía |
| 505 0# - NOTA DE CONTENIDO CON FORMATO | |
| Título | ¡Marca, amigo mío, marca! |
| 505 0# - NOTA DE CONTENIDO CON FORMATO | |
| Título | El robo del elefante blanco |
| 505 0# - NOTA DE CONTENIDO CON FORMATO | |
| Título | Cómo llegué a ser director de un periódico de agricultura |
| 505 0# - NOTA DE CONTENIDO CON FORMATO | |
| Título | Frases de Mark Twain |
| 505 0# - NOTA DE CONTENIDO CON FORMATO | |
| Título | El hombre más perverso y el hombre más estúpido de Turquía |
| 650 #4 - PUNTO DE ACCESO ADICIONAL DE MATERIA--TÉRMINO DE MATERIA | |
| Término de materia o nombre geográfico como elemento de entrada | LITERATURA ESTADOUNIDENSE |
| 650 #4 - PUNTO DE ACCESO ADICIONAL DE MATERIA--TÉRMINO DE MATERIA | |
| Término de materia o nombre geográfico como elemento de entrada | LITERATURA CONTEMPORANEA |
| 650 #4 - PUNTO DE ACCESO ADICIONAL DE MATERIA--TÉRMINO DE MATERIA | |
| Término de materia o nombre geográfico como elemento de entrada | CUENTOS |
| 650 #4 - PUNTO DE ACCESO ADICIONAL DE MATERIA--TÉRMINO DE MATERIA | |
| Término de materia o nombre geográfico como elemento de entrada | HUMOR |
| 653 ## - TÉRMINO DE INDIZACIÓN--NO CONTROLADO | |
| Término no controlado | NARRATIVA |
| 655 ## - TERMINO DE INDIZACIÓN--GENERO/FORMA | |
| Datos o término principal de género/forma | LITERATURA |
| 700 1# - ENTRADA AGREGADA--NOMBRE PERSONAL | |
| Nombre de persona | Repún, Graciela |
| Término indicativo de función/relación | prologuista |
| 942 ## - ELEMENTOS DE ENTRADA SECUNDARIOS (KOHA) | |
| Tipo de ítem Koha | Libros |
| 998 ## - INFORMACIÓN DE CONTROL LOCAL (RLIN) | |
| Iniciales del catalogador, CIN (RLIN) | Laura |
| Estatus retirado | Estado de pérdida | Fuente de la clasificación o esquema de estantería | Estado de daño | Restricciones de uso | No para préstamo | Biblioteca de origen | Biblioteca actual | Fecha de adquisición | Total de préstamos | Signatura topográfica completa | Código de barras | Visto por última vez | Precio de reemplazo | Tipo de ítem Koha |
|---|---|---|---|---|---|---|---|---|---|---|---|---|---|---|
| Clasificación Decimal Dewey | Acceso restringido | No para préstamo | Liberty | Liberty | 28/11/2025 | 820[73] TWAC | 133671 | 28/11/2025 | 28/11/2025 | Libros |